000 00810cam a2200229 4500
008 020304n2002 000 0 eng u
020 _a1857839560
035 _a(Sirsi) u116970
041 _aeng.
050 _a333.33025
110 _aRoyal Institution of Chartered Surveyors
_94900
245 _aList of members 2002
260 _aLondon
_bWaterlow Specialist Information Publishing Ltd
_c2002
300 _a30,1090p
_c25cm.
520 _aIntroduction includes: details of the structure of RICS; a list of services for members; a listing of associated organisations and services; RICS contacts.
650 _aABOUT RICS-RICS MEMBERS
650 _aDIRECTORIES
650 _aRICS
650 _aMEMBERSHIP DIRECTORY
690 _aMANAGEMENT-BUSINESS MANAGEMENT-PROFESSIONAL PRACTICE
942 _n0
999 _c101930
_d101930